[Event "GER-chT U16"]
[Site "Darmstadt"]
[Date "2022.12.29"]
[Round "6"]
[White "Pohle, Saskia"]
[Black "Zielke, Ansgar"]
[Result "1-0"]
[WhiteElo "1678"]
[BlackElo "1549"]
[PlyCount "75"]
[EventDate "2022.12.26"]
[EventType "team-swiss"]
[EventRounds "7"]
[EventCountry "GER"]
[SourceTitle "CBM 212 Extra"]
[Source "ChessBase"]
[SourceDate "2023.03.31"]
[SourceVersion "1"]
[SourceVersionDate "2023.03.31"]
[SourceQuality "1"]
[WhiteTeam "Magdeburg Schachzwerge"]
[BlackTeam "Lichtenberg Borussia"]
[WhiteTeamCountry "GER"]
[BlackTeamCountry "GER"]

1. e4 c5 2. Nf3 e6 3. d4 cxd4 4. Nxd4 Nc6 5. Nc3 Qc7 6. Ncb5 Qb8 7. Bd3 a6 8. Nxc6 bxc6 9. Nd4 Nf6 10. 0-0 Bb7 11. Re1 Be7 12. e5 Nd5 13. Qg4 g6 14. Bh6 Bf8 15. Bxf8 Kxf8 16. c4 Nb4 17. Be4 c5 18. Nb3 Bxe4 19. Qxe4 Kg7 20. Nxc5 Qc7 21. Nb3 Rhc8 22. a3 Nc6 23. Qf4 Rab8 24. Nc5 Rxb2 25. Qf6+ Kg8 26. Rad1 Rd8 27. Re3 d6 28. exd6 Qxd6 29. Rde1 Qxc5 30. Qxb2 Qxc4 31. h3 Rb8 32. Qf6 Qd4 33. Qf3 Ne7 34. Rd3 Qc5 35. Rd7 Qa5 36. Red1 Nf5 37. g4 Nh6 38. Qf6 1-0

[Event "Berlin Lichtenberger op 17th"]
[Site "Berlin"]
[Date "2018.08.20"]
[Round "3"]
[White "Zielke, Ansgar"]
[Black "Bender, Sebastian1111"]
[Result "0-1"]
[WhiteElo "1608"]
[BlackElo "1896"]
[PlyCount "52"]
[EventDate "2018.08.18"]
[EventType "swiss"]
[EventRounds "9"]
[EventCountry "GER"]
[SourceTitle "CBM 186 Extra"]
[Source "ChessBase"]
[SourceDate "2018.08.24"]
[SourceVersion "1"]
[SourceVersionDate "2018.08.24"]
[SourceQuality "1"]

1. d4 Nf6 2. Nf3 g6 3. c4 Bg7 4. Nc3 d6 5. e3 0-0 6. Bd3 Nbd7 7. 0-0 e5 8. dxe5 dxe5 9. Bc2 Qe7 10. Re1 e4 11. Nd2 Nc5 12. f3 exf3 13. Nxf3 c6 14. e4 Ng4 15. h3 Nb3 16. hxg4 Nxa1 17. Bd3 Bxg4 18. Be3 Rad8 19. Qe2 Qd6 20. Bb1 Qg3 21. Bf2 Bxf3 22. Bxg3 Bxe2 23. Rxe2 Bxc3 24. bxc3 Rd1+ 25. Re1 Rxe1+ 26. Bxe1 Rd8 0-1

[Event "GER-chT U10"]
[Site "Magdeburg"]
[Date "2017.12.28"]
[Round "5.2"]
[White "Zielke, Ansgar"]
[Black "Eichhorn, Valentin"]
[Result "1-0"]
[WhiteElo "1544"]
[BlackElo "1384"]
[PlyCount "87"]
[EventDate "2017.12.27"]
[EventType "team-swiss"]
[EventRounds "7"]
[EventCountry "GER"]
[SourceTitle "EXT 2019"]
[Source "ChessBase"]
[SourceDate "2018.10.10"]
[SourceVersion "1"]
[SourceVersionDate "2018.10.10"]
[SourceQuality "1"]
[WhiteTeam "Friedrichsfelde Borussia"]
[BlackTeam "Karlsruhe SF"]
[WhiteTeamCountry "GER"]
[BlackTeamCountry "GER"]

1. d4 d5 2. c4 e6 3. Nc3 Nf6 4. Bg5 Nbd7 5. e3 Be7 6. Qc2 c6 7. Bd3 h6 8. Bh4 0-0 9. e4 dxe4 10. Nxe4 Nxe4 11. Bxe7 Qxe7 12. Bxe4 Nb6 13. c5 Nd5 14. Nf3 Re8 15. 0-0 Qf6 16. Rad1 Bd7 17. Ne5 Rad8 18. Rfe1 Nf4 19. g3 Nd5 20. Qa4 a6 21. Kg2 Bc8 22. f4 Kf8 23. Qb3 Kg8 24. Qf3 Re7 25. Ng4 Qg6 26. Bxg6 fxg6 27. Ne5 Rde8 28. Nxg6 Rf7 29. Ne5 Rf5 30. Nc4 Re7 31. Nd6 Rf8 32. Re5 Kh8 33. Rde1 Kg8 34. Nxc8 Rxc8 35. Rxe6 Rcc7 36. Rxe7 Nxe7 37. f5 Nd5 38. g4 Kf7 39. Re5 Rd7 40. h4 Kf6 41. g5+ hxg5 42. hxg5+ Kxg5 43. Qg3+ Kf6 44. Qg6# 1-0

[Event "GER-ch U10"]
[Site "Willingen"]
[Date "2017.06.09"]
[Round "10"]
[White "Fuhrmann, Bahne"]
[Black "Zielke, Ansgar"]
[Result "1/2-1/2"]
[WhiteElo "1365"]
[BlackElo "1450"]
[PlyCount "115"]
[EventDate "2017.06.04"]
[EventType "swiss"]
[EventRounds "11"]
[EventCountry "GER"]
[SourceTitle "CBM 178 Extra"]
[Source "ChessBase"]
[SourceDate "2017.06.22"]
[SourceVersion "1"]
[SourceVersionDate "2017.06.22"]
[SourceQuality "1"]

1. e4 c5 2. Nf3 Nc6 3. d4 cxd4 4. Nxd4 Nf6 5. Nc3 d6 6. Be3 g6 7. Bb5 Bd7 8. f4 Bg7 9. e5 dxe5 10. Bxc6 Bxc6 11. fxe5 Nd5 12. Nxc6 bxc6 13. Nxd5 Qxd5 14. Qxd5 cxd5 15. 0-0-0 e6 16. Bd4 0-0 17. h4 h5 18. Rdg1 Bh6+ 19. Kb1 Kh7 20. g4 Rg8 21. Rf1 Rgf8 22. Bc5 Rfc8 23. Rxf7+ Kg8 24. Rxa7 Rxa7 25. Bxa7 hxg4 26. Rg1 Rc4 27. c3 Re4 28. Bd4 Kf7 29. b4 Be3 30. Bxe3 Rxe3 31. Kc2 g3 32. Rg2 Rf3 33. Kd2 Ke7 34. a4 Kd7 35. Rg1 Kc6 36. a5 Kb5 37. Ra1 Ka6 38. Rc1 Kb5 39. Ke2 Rf2+ 40. Ke3 Rf5 41. Rg1 Rxe5+ 42. Kd3 Rh5 43. Rxg3 Rxh4 44. Rxg6 Re4 45. Rg8 Re1 46. Rc8 Re4 47. Rc5+ Ka6 48. c4 Rh4 49. Kc3 Rh3+ 50. Kd4 Rh4+ 51. Ke5 Rxc4 52. Rxc4 dxc4 53. Kd4 Kb5 54. a6 Kxa6 55. Kxc4 Kb6 56. Kd4 Kb5 57. Ke5 Kxb4 58. Kxe6 1/2-1/2

[Event "GER-ch U10"]
[Site "Willingen"]
[Date "2017.06.07"]
[Round "7"]
[White "Zielke, Ansgar"]
[Black "Mueller, Maximilian3333"]
[Result "1-0"]
[WhiteElo "1450"]
[BlackElo "1234"]
[PlyCount "101"]
[EventDate "2017.06.04"]
[EventType "swiss"]
[EventRounds "11"]
[EventCountry "GER"]
[SourceTitle "CBM 178 Extra"]
[Source "ChessBase"]
[SourceDate "2017.06.22"]
[SourceVersion "1"]
[SourceVersionDate "2017.06.22"]
[SourceQuality "1"]

1. d4 d5 2. c4 e6 3. Nc3 Bb4 4. Nf3 Nf6 5. Bg5 Bxc3+ 6. bxc3 Nbd7 7. e3 0-0 8. Bd3 h6 9. Bh4 Re8 10. 0-0 c6 11. Ne5 a6 12. f4 Qa5 13. Qc2 Ne4 14. Bxe4 dxe4 15. Rfc1 f5 16. Qe2 Nxe5 17. fxe5 g6 18. Bf6 Bd7 19. Qf2 Kh7 20. Qh4 Rf8 21. Bg5 h5 22. Bf4 Qd8 23. Qxd8 Raxd8 24. c5 Rb8 25. Rab1 Rg8 26. h4 a5 27. Rb6 Rg7 28. Rcb1 Bc8 29. Bg5 Rd7 30. Kf2 Kg8 31. Ke2 Kf7 32. Kd2 Ke8 33. Kc2 Rg7 34. Rxc6 Bd7 35. Rcb6 Ba4+ 36. Kd2 Rc7 37. Rxe6+ Kf7 38. Rf6+ Kg7 39. Rd6 Rcc8 40. Rbb6 Rc6 41. Rdxc6 Bxc6 42. c4 Bd7 43. d5 Be8 44. Kc3 Kf8 45. Kd4 Kg8 46. c6 Kf8 47. c7 Rc8 48. Rxb7 Kg8 49. Bd8 Bd7 50. Rb8 Rxb8 51. cxb8Q 1-0